000
00325nam a2200145Ia 4500
008
150201s2014 xx 000 0 und d
082
_a
610.7362
_b
H14P
100
_a
PANDA, U.N.
245
_a
HB. OF PEDIATRICS
250
_a
2ND
260
_b
AITBS
_a
DELHI
_c
2014
300
_a
498
650
_a
PEDIATRICS
942
_2
ddc
_c
BK
999
_c
2412
_d
2412